Najpopularniejsi raperzy w tym tygodniu . 26.02-04.03 - Statystyki

Ogólne statystyki
  • Ten quiz został rozwiązany 21 razy
  • Średni wynik to 8 z 15
Statystyki odpowiedzi
Miejsce w poprzednim tygodniu Wyświetlenia Raper % Poprawnych
#2 5.83M Bedoes
86%
#12 2.78M Quebonafide
76%
#7 2.83M Kizo
71%
#10 3.65M Żabson
67%
#3 5.16M Guzior
62%
#1 5.34M Sobel
62%
#14 2.69M White 2115
57%
#4 4.24M Szpaku
52%
#16 2.25M Taco Hemingway
52%
#8 3.67M Tymek
52%
#11 3.22M Paluch
43%
#9 3.27M Kabe
38%
#6 3.93M Kali
38%
#13 3.29M Kubańczyk
33%
#5 4.03M Major SPZ
29%
Nie znaleziono quizów pasujących do podanych kryteriów
Rozkład punktacji
Procent ludzi z każdym wynikiem
Percentyl według liczby udzielonych odpowiedzi
Twoja historia wyników
Nie rozwiązałeś tego quizu